[Event "Asian Schools-ch 14th U17"]
[Site "Waskaduwa"]
[Date "2018.08.10"]
[Round "3.2"]
[White "Jayawardana, Lasal"]
[Black "Abylkasymov, Kairatbek"]
[Result "1/2-1/2"]
[WhiteElo "1807"]
[BlackElo "1768"]
[PlyCount "55"]
[EventDate "2018.08.09"]
[EventType "swiss"]
[EventRounds "9"]
[EventCountry "SRI"]
[SourceTitle "EXT 2024"]
[Source "ChessBase"]
[SourceDate "2023.10.10"]
[SourceVersion "1"]
[SourceVersionDate "2023.10.10"]
[SourceQuality "1"]

1. e4 c5 2. Nf3 e6 3. d4 cxd4 4. Nxd4 Nf6 5. Nc3 Nc6 6. a3 Be7 7. Be3 d5 8. Bb5 Bd7 9. Bxc6 Bxc6 10. e5 Nd7 11. f4 g6 12. 0-0 h5 13. Qd3 Rg8 14. Rad1 Qc7 15. b4 Nb6 16. Ndb5 Bxb5 17. Nxb5 Qc6 18. Bxb6 Qxb6+ 19. Kh1 Rc8 20. a4 Rc4 21. c3 a6 22. Na3 Rc7 23. Rf3 Qc6 24. a5 Kf8 25. Nc2 Qc4 26. Qd2 Kg7 27. Nd4 Re8 28. Rdf1 1/2-1/2